000 00529nam a2200169 4500
999 _c15891
_d15891
008 201217b ||||| |||| 00| 0 eng d
022 _a0732-8435
082 _aDPer 657.05 C33 Sept - Mar 2015, v. 85 - 86
100 _942692
_a
245 _aICYMI:.
_ba look back at 2015.
_c
260 _aNew York:
_bThe New York State Society of CPA,
_c©2015.
300 _av85 n12, pages 15-19:
_billustrations;
_c28 cm.
650 _aAnniversaries.
_x
_942693
650 _aAccounting.
_942712
700 _a
_942697
942 _2ddc
_cPER